00403ntaaa2200157 45000030003000000050017000030080021000200400037000410820017000781000024000952450029001192500010001482600050001583000016002086500021002240120251027201506.00714s1973 ag 01  aAR-BaBNbspacAR-BaBNeaacrdRIC a227.0200 W58 aWhiteley, D. E. H.  aThe Theology of St. Paul a1 ed. aPhiladelphia : bFortress Press, c1964, 1966 axvi, 296 p. aPablo-Teología